Lo Spirito e la vita nuova : (Record no. 360431)

MARC details
000 -LEADER
fixed length control field 01307nam a2200337 i 4500
001 - CONTROL NUMBER
control field 000000452627
003 - CONTROL NUMBER IDENTIFIER
control field IT-MiSPE
005 - DATE AND TIME OF LATEST TRANSACTION
control field 20250317100708.0
008 - FIXED-LENGTH DATA ELEMENTS--GENERAL INFORMATION
fixed length control field 220526s2022 it 000 0 ita d
020 ## - INTERNATIONAL STANDARD BOOK NUMBER
International Standard Book Number 9788871054858
Terms of availability 24,00 €
040 ## - CATALOGING SOURCE
Original cataloging agency IT-MiSPE
Language of cataloging ita
Modifying agency IT-MiSPE
Description conventions rda
Transcribing agency IT-MiSPE
041 ## - LANGUAGE CODE
Language code of text/sound track or separate title ita
082 ## - DEWEY DECIMAL CLASSIFICATION NUMBER
Classification number 227.07-BAR fr sp (ppv 23374)
100 1# - MAIN ENTRY--PERSONAL NAME
Personal name Bargellini, Francesco,
Titles and words associated with a name sacerdote,
Dates associated with a name 1969-,
Relator term autore
9 (RLIN) 61827
245 13 - TITLE STATEMENT
Title Lo Spirito e la vita nuova :
Remainder of title lettura meditativa ed esegesi paolina /
Statement of responsibility, etc. Francesco Bargellini.
264 #1 -
Place of production, publication, distribution, manufacture Milano :
Name of producer, publisher, distributor, manufacturer Glossa,
Date of production, publication, distribution, manufacture, or copyright notice [2022]
264 #4 -
Date of production, publication, distribution, manufacture, or copyright notice ©2022.
300 ## - PHYSICAL DESCRIPTION
Extent ix, 198 p. ;
Dimensions 20 cm
336 ## -
Content type term testo
Content type code txt
Source rdacontent
337 ## -
Media type term senza mediazione
Media type code n
Source rdamedia
338 ## -
Carrier type term volume
Carrier type code nc
Source rdacarrier
490 1# - SERIES STATEMENT
Series statement Sapientia ;
Volume/sequential designation 089
504 ## - BIBLIOGRAPHY, ETC. NOTE
Bibliography, etc Bibliografia: pagine 195-197
630 04 - SUBJECT ADDED ENTRY--UNIFORM TITLE
Uniform title Bibbia
Name of part/section of a work N.T.
-- Lettera agli Efesini.
-- 4,17-5,20
General subdivision Esegesi italiano.
9 (RLIN) 61828
630 04 - SUBJECT ADDED ENTRY--UNIFORM TITLE
Uniform title Bibbia
Name of part/section of a work N.T.
-- Prima Lettera ai Corinzi
-- 2,6-16
General subdivision Esegesi italiano.
9 (RLIN) 61829
655 #7 - INDEX TERM--GENRE/FORM
Genre/form data or focus term Sacra Scrittura. Studi sul Nuovo Testamento
General subdivision Paolo: studi e teologia.
Source of term local
9 (RLIN) 56750
655 #7 - INDEX TERM--GENRE/FORM
Genre/form data or focus term Sacra Scrittura. Generalità
General subdivision Esegesi - Interpretazione e critica.
Source of term local
9 (RLIN) 61830
830 #0 - SERIES ADDED ENTRY--UNIFORM TITLE
Uniform title Sapientia [Glossa] ;
Volume number/sequential designation 089.
9 (RLIN) 61831
942 ## - ADDED ENTRY ELEMENTS (KOHA)
Source of classification or shelving scheme Dewey Decimal Classification
Koha item type LIBRO
Holdings
Withdrawn status Lost status Source of classification or shelving scheme Damaged status Not for loan Home library Current library Date acquired Total Checkouts Full call number Barcode Date last seen Price effective from Koha item type
    Dewey Decimal Classification Buone Condizioni Not For Loan CINISELLO CINISELLO 17/03/2025   227.07-BAR fr sp (ppv 23374) 9788871054858 17/03/2025 17/03/2025 LIBRO
CREDITS: SOCIETA' SAN PAOLO Via A.Severo, 58 - ROMA (RM) & PERIODICI SAN PAOLO SRL Via Giotto, 36 MILANO & CISF Via Giotto, 36 MILANO & EDIZIONI SAN PAOLO SRL,  Piazza Soncino, 5 CINISELLO BALSAMO (MI) -- ITALY